000 00773nam a2200277 i 4500
001 C2-0285699
003 PPAK
005 20180728015328.0
008 080108s2005 my a|||| ||||| | eng d
020 _a9831270541
040 _aPPAK
_beng
_cPPAK
_erda
082 0 4 _a500
_223
090 0 0 _a500
_bMIC
_dG
090 0 0 _a500
_bMIC
_dK
100 1 _aMicheal, Francis,
_eauthor
245 1 0 _aPlants and animals
264 1 _aKuala Lumpur :
_bPenerbitan Generasi Baru ,
_c2005
300 _a46 pages :
_bcolour illustrations ;
_c26 cm
336 _2rdacontent
_atext
337 _2rdamedia
_aunmediated
338 _2rdacarrier
_avolume
490 1 _aJunior science series
650 1 0 _aScience ; Plant and animals
830 0 _aJunior science series
942 _ddc
_cB
999 _c91547
_d91547